| 000 | 00488nam a22001697a 4500 | ||
|---|---|---|---|
| 003 | NUST - PNEC | ||
| 005 | 20170116180941.0 | ||
| 008 | 150907b xxu||||| |||| 00| 0 eng d | ||
| 020 | _a0442012101 | ||
| 040 | _cLIBRARY | ||
| 082 | _a621.362 MIL | ||
| 100 |
_98701 _aMiller, John Lester |
||
| 245 |
_aPrinciples of infrared technology : a practical guide to the state of the art _cJohn Lester Miller |
||
| 260 | _cc.1994 | ||
| 650 |
_98703 _aInfrared technology _xMIF |
||
| 942 |
_2ddc _cBK |
||
| 999 |
_c66144 _d66144 |
||